[Event "Wch U14"]
[Site "Caldas Novas"]
[Date "2011.11.22"]
[Round "5"]
[White "Krishnan, Varun"]
[Black "Girish, A Koushnik"]
[Result "0-1"]
[WhiteElo "2108"]
[BlackElo "2394"]
[PlyCount "152"]
[EventDate "2011.11.18"]
[EventType "swiss"]
[EventRounds "9"]
[EventCountry "BRA"]
[SourceTitle "EXT 2013"]
[Source "ChessBase"]
[SourceDate "2012.11.22"]
[SourceVersion "1"]
[SourceVersionDate "2012.11.22"]
[SourceQuality "1"]

1. e4 c5 2. Nf3 d6 3. d4 cxd4 4. Nxd4 Nf6 5. Nc3 Nc6 6. f3 e6 7. Be3 a6 8. Qd2
Bd7 9. O-O-O Qc7 10. g4 Nxd4 11. Bxd4 b5 12. g5 Ng8 13. a3 Ne7 14. Bf2 Nc8 15.
Qd4 Rb8 16. Bg3 a5 17. e5 d5 18. Nxd5 Qc6 19. Nc3 b4 20. axb4 Rxb4 21. Qxd7+
Qxd7 22. Rxd7 Kxd7 23. Bb5+ Kc7 24. Rd1 Nb6 25. Be2 Bc5 26. Be1 Kc6 27. b3 Rd4
28. Bd3 Rhd8 29. Ne2 R4d7 30. Bxa5 Ra8 31. Be4+ Nd5 32. b4 Be3+ 33. Kb2 Rb7 34.
Ra1 Bxg5 35. c4 Rxa5 36. cxd5+ Rxd5 37. Nd4+ Kd7 38. Bxd5 exd5 39. Kc3 Bf4 40.
Ra5 Bxh2 41. Rxd5+ Kc8 42. Nb5 Re7 43. Kd4 g6 44. Nd6+ Kc7 45. Rc5+ Kd7 46. Nc4
Bg1+ 47. Ne3 f6 48. f4 fxe5+ 49. fxe5 h5 50. Ke4 h4 51. Rd5+ Ke8 52. Rd3 Bh2
53. Ng4 Bg3 54. b5 Ra7 55. b6 Ra4+ 56. Kd5 Rxg4 57. Rb3 Rg5 58. b7 Bxe5 59. Ke6
Bb8 60. Rc3 Re5+ 61. Kf6 Kd7 62. Kxg6 Rb5 63. Kh6 Bg3 64. Kg6 Ke6 65. Re3+ Kd5
66. Re7 Kd4 67. Rh7 Ke4 68. b8=Q Rxb8 69. Kg5 Kf3 70. Rf7+ Kg2 71. Ra7 h3 72.
Ra2+ Bf2 73. Ra4 h2 74. Rg4+ Bg3 75. Rc4 h1=Q 76. Rc2+ Bf2 0-1

[Event "Wch U14"]
[Site "Caldas Novas"]
[Date "2011.11.23"]
[Round "6"]
[White "Girish, A Koushnik"]
[Black "Kukhmazov, Arsen"]
[Result "1-0"]
[WhiteElo "2394"]
[BlackElo "2154"]
[PlyCount "71"]
[EventDate "2011.11.18"]
[EventType "swiss"]
[EventRounds "9"]
[EventCountry "BRA"]
[SourceTitle "EXT 2013"]
[Source "ChessBase"]
[SourceDate "2012.11.22"]
[SourceVersion "1"]
[SourceVersionDate "2012.11.22"]
[SourceQuality "1"]

1. d4 d5 2. Nf3 Nf6 3. c4 c6 4. Nc3 e6 5. e3 Nbd7 6. Bd3 dxc4 7. Bxc4 b5 8. Bd3
b4 9. Na4 c5 10. e4 cxd4 11. e5 Nd5 12. O-O Be7 13. Re1 Nc5 14. Nxc5 Bxc5 15.
Ng5 Be7 16. Qg4 Bxg5 17. Bxg5 Qb6 18. Bh4 Kf8 19. Rac1 Bb7 20. Be4 Qa5 21. Bxd5
Qxd5 22. Rc7 h5 23. Qg5 Kg8 24. f3 Re8 25. Qf4 Rf8 26. Be7 Rc8 27. Rec1 Rxc7
28. Rxc7 Kh7 29. Qg5 Qxa2 30. Rxb7 Rc8 31. Bc5 Qb1+ 32. Kf2 Qc2+ 33. Kg3 Kg8
34. Bxd4 Qd1 35. Qe7 h4+ 36. Kh3 1-0

[Event "Wch U14"]
[Site "Caldas Novas"]
[Date "2011.11.24"]
[Round "7"]
[White "Huber, Martin Christian"]
[Black "Girish, A Koushnik"]
[Result "0-1"]
[WhiteElo "2120"]
[BlackElo "2394"]
[PlyCount "102"]
[EventDate "2011.11.18"]
[EventType "swiss"]
[EventRounds "9"]
[EventCountry "BRA"]
[SourceTitle "EXT 2013"]
[Source "ChessBase"]
[SourceDate "2012.11.22"]
[SourceVersion "1"]
[SourceVersionDate "2012.11.22"]
[SourceQuality "1"]

1. Nf3 Nf6 2. c4 g6 3. Nc3 d5 4. cxd5 Nxd5 5. e4 Nxc3 6. dxc3 Qxd1+ 7. Kxd1 f6
8. Be3 e5 9. Kc2 Be6 10. Nd2 Nd7 11. Bc4 Kf7 12. Rad1 Be7 13. h4 h5 14. g3 Rhd8
15. Bxe6+ Kxe6 16. Nb3 a5 17. a4 b6 18. f4 Bd6 19. Rhf1 Rg8 20. Nd2 Nc5 21. b3
Rad8 22. Rf3 Be7 23. Rdf1 exf4 24. Bxf4 Rd7 25. Be3 Nd3 26. Nc4 Ne5 27. Nxe5
fxe5 28. Rf7 Bd8 29. Rxd7 Kxd7 30. Bg5 Ke6 31. Rf2 Be7 32. Rf1 Rd8 33. Rf2 c6
34. Be3 b5 35. Bb6 Rb8 36. Ba7 Rb7 37. Be3 bxa4 38. bxa4 Ba3 39. Kd3 Rb1 40.
Ra2 Be7 41. Kc4 Re1 42. Kd3 Rb1 43. Kc4 Bd6 44. Kd3 c5 45. c4 Rb3+ 46. Kd2 Be7
47. Bf2 Kd6 48. Be3 Kc6 49. Bf2 g5 50. Be1 gxh4 51. gxh4 Rh3 0-1

[Event "Reggio Emilia 54th"]
[Site "Reggio Emilia"]
[Date "2011.12.28"]
[Round "2"]
[White "Giri, Anish"]
[Black "Morozevich, Alexander"]
[Result "0-1"]
[WhiteElo "2714"]
[BlackElo "2762"]
[Annotator "Ftacnik,L"]
[PlyCount "72"]
[EventDate "2011.12.27"]
[EventType "tourn"]
[EventRounds "10"]
[EventCountry "ITA"]
[EventCategory "20"]
[SourceTitle "CBM 146"]
[Source "ChessBase"]
[SourceDate "2012.01.18"]
[SourceVersion "1"]
[SourceVersionDate "2012.01.18"]
[SourceQuality "1"]

1. Nf3 d5 2. d4 Nf6 3. c4 c6 4. e3 Bg4 5. h3 Bh5 6. Nc3 e6 7. g4 Bg6 8. Ne5
Nbd7 9. h4 dxc4 {Taking the pawn on c4 is the only sensible solution to avoid
the danger of the bishop on g6 getting trapped.} (9... Nxe5 $2 10. dxe5 Ne4 11.
Nxe4 Bxe4 12. f3 $16) 10. Nxg6 hxg6 11. g5 (11. Bxc4 Bb4 12. g5 Ne4 13. Qb3 Qe7
14. a3 Bxc3+ 15. bxc3 Nb6 16. Bf1 e5 17. Bg2 {0-1 (41) Tregubov,P (2598)
-Inarkiev,E (2674) Olginka 2011}) 11... Nd5 12. Bxc4 Bb4 {Morozevich is hoping
to set up a position offering the potential for counterplay in the centre. The
bishop goes to b4 in order to keep the e7-square vacant for the black queen.} (
12... Be7 13. Qf3 N7b6 (13... Qc7 14. Bb3 N5b6 15. e4 Rf8 16. Bf4 Bd6 17. Be3
e5 18. Rc1 exd4 19. Nb5 Bb4+ 20. Kf1 Qe5 21. Nxd4 $14 {1-0 (49) Aronian,L 
(2648)-Gustafsson,J (2572) playchess.com INT 2004}) 14. Bb3 Nb4 15. Ke2 c5 16.
Qxb7 cxd4 17. exd4 Qxd4 18. Qe4 Qxe4+ 19. Nxe4 N4d5 20. Bd2 Bb4 21. Bxb4 Nxb4
$11 {1/2 (71) Lautier,J (2653)-Chernin,A (2592) Bastia 2001}) 13. Bd2 Qe7 14.
a3 {Not a single game in this line by decent players has seen White developing
without inserting the a2-a3 move at some moment. The first player has to know,
what his opponent is planning to do with the bishop.} (14. Qf3 O-O-O 15. a3 Ba5
16. b4 Bc7 17. e4 Nxc3 18. Bxc3 Rhf8 19. O-O-O a5 20. Kc2 Nb6 21. Bb3 axb4 22.
Bxb4 Bd6 23. Qc3 Bxb4 24. axb4 Kb8 25. Qg3+ $11 {1-0 (30) Dreev,A (2698)-Oms
Pallisse,J (2508) Mallorca 2004 [Atlas,V]}) (14. Be2 O-O-O 15. Qc2 Kb8 16. a3
Ba5 17. b4 Bb6 18. Nxd5 cxd5 19. a4 e5 20. a5 Bc7 $11 {0-1 (43) Milov,V (2690)
-Najer,E (2627) Baku 2008}) 14... Nxc3 (14... Ba5 15. Qc2 N7b6 (15... Nxc3 16.
Bxc3 Bxc3+ 17. Qxc3 Nb6 18. Bb3 Qxg5 19. hxg5 Rxh1+ 20. Ke2 Rxa1 21. d5 cxd5
22. Qxg7 Rh1 23. Ba4+ Ke7 24. Bc2 Ke8 25. Qg8+ {1/2 (25) Tregubov,P (2628)
-Inarkiev,E (2676) Dagomys 2009}) 16. Be2 Nxc3 17. bxc3 e5 18. Qe4 exd4 19.
Qxe7+ Kxe7 20. cxd4 Bxd2+ 21. Kxd2 Rad8 22. Rac1 $11 {1/2 (48) Gomez Ledo,R 
(2445)-Haslinger,S (2552) Balaguer 2010}) 15. bxc3 Ba5 {The bishop from a5
will keep up the pressure against the c3-square limiting White's chances for
any real expansion.} 16. f4 (16. Be2 e5 17. Qa4 Bb6 18. Kf1 $11) 16... O-O-O
17. Qb3 (17. Be2 Nb6 18. c4 Bxd2+ 19. Qxd2 Kb8 $11) 17... Nb6 18. Bd3 Kb8 19.
Ke2 $5 {Giri has build a long pawn chain on the dark squares severely
constraining Black's forces. His king does not have a very peaceful spot
anywhere on the board, but the step towards the centre seems daring.} (19. Rb1
Rh7 20. a4 Rdh8 21. c4 Bxd2+ 22. Kxd2 Rxh4 23. Rxh4 Rxh4 24. a5 Rh2+ 25. Kc3
Nc8 26. c5 $11) 19... Qd7 20. Be4 (20. Rab1 Nc8 21. c4 Bxd2 22. Kxd2 Ne7 $11)
20... f6 $5 {Morozevich can fall back on a very solid position, but opening
the centre will give him chances to scare the enemy king.} 21. gxf6 (21. Bxg6
e5 $1 $15) 21... gxf6 22. Rag1 $6 {White is acknowledging the seriousness of
the situation by mobilising his last reserves. It was objectively better to
snap up the g6-pawn, keeping the position more or less equal.} (22. Bxg6 e5 (
22... c5 23. Be4 e5 24. fxe5 fxe5 25. Raf1 Qg4+ (25... cxd4 26. cxd4 Bxd2 27.
Rf7 $18) 26. Bf3 Qd7 27. Be4 Qg4+ $11) 23. Kf2 c5 24. Rad1 exd4 25. exd4 cxd4
26. cxd4 Bxd2 27. Rxd2 Qd6 28. Qf3 f5 29. h5 Nd5 $11) 22... e5 23. fxe5 fxe5
24. Rg5 (24. Rxg6 exd4 25. cxd4 Bxd2 26. Kxd2 Rhe8 27. Bc2 Nd5 28. Re1 c5 29.
dxc5 Nf6+ 30. Kc1 Qd2+ 31. Kb2 Qxe1 32. Rxf6 Rxe3 $17) (24. Rf1 $1 Rh7 25. h5
Re7 26. hxg6 exd4 27. Rf7 dxc3 28. Bxc3 Bxc3 29. Qxc3 Rxf7 30. gxf7 Qxf7 31.
Rh8 $15) 24... exd4 25. Rxa5 $2 {[%mdl 256] For the innocent bystander the
greedy grab of the a5-bishop smacks of desperation. White was not prepared to
defend a worse position with modest moves.} (25. cxd4 $1 Bxd2 26. Kxd2 Qe7 27.
Rg4 Rhf8 (27... c5 28. Rf1 Qd7 29. Rff4 cxd4 30. Rf7 dxe3+ 31. Kxe3 Qd2+ 32.
Kf3 Rd7 33. Rxd7 Qxd7 $11) 28. Ke2 c5 29. Rf1 Rxf1 30. Kxf1 cxd4 31. exd4 Rxd4
32. Bf5 Rxg4 33. Bxg4 $15) 25... Rhe8 (25... Qg4+ $1 26. Bf3 d3+ 27. Kf2 Rdf8
28. Qd1 Rxh4 29. Re5 (29. Rxh4 Qxh4+ 30. Kg2 Rh8 31. Qg1 Nc4 $19) 29... Rxf3+
30. Qxf3 Qxf3+ 31. Kxf3 Rxh1 $19) 26. Bg2 (26. cxd4 Rxe4 27. Kd1 Nd5 $17) 26...
dxe3 27. Bc1 Qd3+ {Black could not have hoped for such a picture only a few
moves ago. His only concern will now be to choose the most efficient winning
continuation.} (27... Qg4+ 28. Bf3 Qg3 29. Bxe3 Qf4 30. c4 Nxc4 $19) 28. Ke1 (
28. Kf3 Nc4 $19) 28... e2 {If there ever was a tempting pawn advance this
certainly can aspire to that title. Fortunately the counterplay it allows can
be parried with exact moves.} (28... Rf8 $1 29. Rh3 (29. Rf1 e2 30. Rxf8 Qd1+
$19) 29... Nc4 30. Ra4 Nd2 $19) 29. Bf4+ Ka8 30. Kf2 (30. Qxb6 Qxc3+ 31. Kf2
e1=Q+ 32. Rxe1 Qxe1+ 33. Kf3 Qe4+ 34. Kg3 Rd3+ $19) 30... Rf8 31. Qb4 (31. Qxb6
Rxf4+ $19) 31... Nc4 32. Rxa7+ $1 {White could have resigned, but the small
scare for the opponent was impossible to resist.} Kxa7 33. Qa4+ Kb6 34. Qb4+ (
34. Rb1+ Qxb1 35. Qxc4 e1=Q+ $19) 34... Ka6 35. Qa4+ Na5 36. Bf3 b5 {The
attack has been repelled and now White will have to pay for all his middlegame
sins.} (36... b5 37. Qb4 Nc4 38. Qb1 Rxf4 39. Qxd3 Rxd3 $19) 0-1

[Event "EU-ch 13th"]
[Site "Plovdiv"]
[Date "2012.03.29"]
[Round "9"]
[White "Giri, Anish"]
[Black "Kabanov, Nikolai"]
[Result "1/2-1/2"]
[WhiteElo "2717"]
[BlackElo "2502"]
[PlyCount "81"]
[EventDate "2012.03.20"]
[EventType "swiss"]
[EventRounds "11"]
[EventCountry "BUL"]
[SourceTitle "CBM 148"]
[Source "ChessBase"]
[SourceDate "2012.05.16"]
[SourceVersion "1"]
[SourceVersionDate "2012.05.16"]
[SourceQuality "1"]

1. d4 Nf6 2. Bg5 d5 3. Bxf6 exf6 4. e3 Bd6 5. Bd3 O-O 6. Nd2 c6 7. Qf3 Re8 8.
Ne2 Nd7 9. h4 Nf8 10. g4 Qd7 11. Rg1 b5 12. O-O-O b4 13. e4 a5 14. exd5 cxd5
15. Qxd5 Bb7 16. Qf5 Qc7 17. g5 fxg5 18. Qxg5 g6 19. Kb1 Rac8 20. Ng3 Ne6 21.
Qg4 Bxg3 22. Qxg3 Nxd4 23. h5 Ne2 24. Qxc7 Rxc7 25. Rg4 Rc5 26. hxg6 hxg6 27.
Ka1 Rh5 28. f3 Kg7 29. Re1 Rh2 30. a3 bxa3 31. bxa3 Rd8 32. Nf1 Rf2 33. Bxe2
Rxe2 34. Rxe2 Bxf3 35. Rxg6+ fxg6 36. Rf2 Bc6 37. Kb2 g5 38. Kc3 Kg6 39. Ne3
Re8 40. Kd3 Rd8+ 41. Kc4 1/2-1/2

[Event "NED-chT 1213"]
[Site "Netherlands"]
[Date "2013.03.09"]
[Round "7.2"]
[White "Ris, Robert"]
[Black "Giri, Anish"]
[Result "1/2-1/2"]
[WhiteElo "2394"]
[BlackElo "2730"]
[PlyCount "33"]
[EventDate "2012.09.15"]
[EventType "team-tourn"]
[EventRounds "9"]
[EventCountry "NED"]
[SourceTitle "EXT 2014"]
[Source "ChessBase"]
[SourceDate "2013.11.20"]
[SourceVersion "1"]
[SourceVersionDate "2013.11.20"]
[SourceQuality "1"]
[WhiteTeam "BSG"]
[BlackTeam "En Passant"]
[WhiteTeamCountry "NED"]
[BlackTeamCountry "NED"]

1. d4 d5 2. c4 e6 3. Nf3 c6 4. g3 dxc4 5. Bg2 b5 6. O-O Bb7 7. Nc3 a6 8. e4 Nf6
9. e5 Nd5 10. Ng5 Nxc3 11. bxc3 Be7 12. Qh5 g6 13. Qh6 Bf8 14. Qh3 Be7 15. Qh6
Bf8 16. Qh3 Be7 17. Qh6 1/2-1/2

[Event "BEL-chT 1213"]
[Site "Belgium"]
[Date "2013.03.24"]
[Round "11.1"]
[White "Giri, Anish"]
[Black "Naiditsch, Arkadij"]
[Result "1/2-1/2"]
[WhiteElo "2730"]
[BlackElo "2712"]
[PlyCount "39"]
[EventDate "2012.09.23"]
[EventType "team-tourn"]
[EventRounds "11"]
[EventCountry "BEL"]
[SourceTitle "EXT 2014"]
[Source "ChessBase"]
[SourceDate "2013.11.20"]
[SourceVersion "1"]
[SourceVersionDate "2013.11.20"]
[SourceQuality "1"]
[WhiteTeam "Amay"]
[BlackTeam "Wirtzfeld"]
[WhiteTeamCountry "BEL"]
[BlackTeamCountry "BEL"]

1. d4 Nf6 2. c4 e6 3. Nc3 d5 4. Bg5 Be7 5. Nf3 O-O 6. e3 h6 7. Bh4 b6 8. Be2
Bb7 9. Bxf6 Bxf6 10. cxd5 exd5 11. b4 c5 12. bxc5 bxc5 13. Rb1 Bc8 14. O-O Nc6
15. Rc1 cxd4 16. Nb5 Qb6 17. Nbxd4 Nxd4 18. Nxd4 Bxd4 19. Qxd4 Qxd4 20. exd4
1/2-1/2

[Event "ESP-chT CECLUB Honor"]
[Site "Leon"]
[Date "2012.11.10"]
[Round "6.4"]
[White "Ganguly, Surya Shekhar"]
[Black "Giri, Anish"]
[Result "0-1"]
[WhiteElo "2619"]
[BlackElo "2715"]
[PlyCount "140"]
[EventDate "2012.11.05"]
[EventType "team-tourn"]
[EventRounds "7"]
[EventCountry "ESP"]
[SourceTitle "EXT 2013"]
[Source "ChessBase"]
[SourceDate "2012.11.22"]
[SourceVersion "1"]
[SourceVersionDate "2012.11.22"]
[SourceQuality "1"]
[WhiteTeam "Solvay"]
[BlackTeam "Sestao"]
[WhiteTeamCountry "ESP"]
[BlackTeamCountry "ESP"]

1. d4 Nf6 2. c4 g6 3. Nc3 d5 4. cxd5 Nxd5 5. e4 Nxc3 6. bxc3 Bg7 7. Bc4 c5 8.
Ne2 Nc6 9. Be3 O-O 10. O-O b6 11. dxc5 Qc7 12. Nd4 Ne5 13. Nb5 Qb8 14. Be2 bxc5
15. Rb1 a6 16. Nd4 Qc7 17. Nb3 Rd8 18. Qc2 c4 19. Nc5 Nd3 20. Nxd3 cxd3 21.
Bxd3 Qxc3 22. Qxc3 Bxc3 23. Bc4 Bd7 24. Rfc1 Bf6 25. Kf1 Bb5 26. Be2 Bd4 27.
Bxd4 Rxd4 28. Bxb5 axb5 29. Rc2 Rxe4 30. Rxb5 Ra7 31. g3 Rea4 32. Rbb2 g5 33.
Kg2 Kg7 34. Re2 f6 35. Re6 Kf7 36. Rbe2 h5 37. h3 h4 38. g4 Ra3 39. Kh2 R3a6
40. Rxa6 Rxa6 41. Kg2 Ra3 42. Rb2 e5 43. Rb7+ Ke6 44. Rb6+ Kf7 45. Rb7+ Kg6 46.
Rb2 Ra6 47. Re2 Kf7 48. Rd2 Ke6 49. Rb2 Kd5 50. Rd2+ Ke4 51. Rb2 Ra4 52. Re2+
Kd5 53. Rd2+ Ke6 54. Rb2 Ra6 55. Rd2 f5 56. gxf5+ Kxf5 57. f3 Ra3 58. Re2 Ke6
59. Rd2 Kf6 60. Rb2 Ke7 61. Rd2 Ke6 62. Kf2 e4 63. fxe4 Rxh3 64. Rd5 Kf6 65. a4
Ra3 66. e5+ Ke6 67. Rd4 Kxe5 68. Rb4 Kf5 69. Rc4 Kg6 70. Kg2 Kh5 0-1

[Event "Wch U16"]
[Site "Maribor"]
[Date "2012.11.08"]
[Round "1.11"]
[White "Girish, A Koushnik"]
[Black "Sokac, Marko"]
[Result "1-0"]
[WhiteElo "2367"]
[BlackElo "2040"]
[PlyCount "93"]
[EventDate "2012.11.08"]
[EventType "swiss"]
[EventRounds "11"]
[EventCountry "SLO"]
[SourceTitle "EXT 2013"]
[Source "ChessBase"]
[SourceDate "2012.11.22"]
[SourceVersion "1"]
[SourceVersionDate "2012.11.22"]
[SourceQuality "1"]

1. d4 Nf6 2. Nf3 e6 3. c4 b6 4. g3 Bb7 5. Bg2 Bb4+ 6. Bd2 a5 7. O-O d5 8. Ne5
O-O 9. Nc3 Nbd7 10. Bg5 Be7 11. Rc1 h6 12. Bxf6 Nxf6 13. cxd5 exd5 14. Qb3 Bd6
15. Rfd1 c6 16. e4 dxe4 17. Nxe4 Nxe4 18. Bxe4 a4 19. Qf3 Bxe5 20. dxe5 Qe7 21.
Qf5 g6 22. Qf4 Ra5 23. Bxc6 Bxc6 24. Rxc6 Rxe5 25. Rxb6 Rf5 26. Qc4 Qa7 27.
Rdd6 Kh7 28. Rf6 Rxf6 29. Rxf6 Qe7 30. Rf3 Qe1+ 31. Kg2 Kg8 32. Qxa4 Rd8 33.
Qc4 Qe7 34. b4 h5 35. b5 Rd1 36. Qb3 Rc1 37. h4 Qb7 38. a4 Rc5 39. Kh2 g5 40.
hxg5 Rxg5 41. Qe3 Rg6 42. Rf4 Re6 43. Qf3 Qe7 44. Qxh5 Kg7 45. Rh4 Qa7 46. Qh8+
Kg6 47. Rg4+ 1-0

[Event "Wch U16"]
[Site "Maribor"]
[Date "2012.11.10"]
[Round "3.7"]
[White "Girish, A Koushnik"]
[Black "Ladva, Ottomar"]
[Result "0-1"]
[WhiteElo "2367"]
[BlackElo "2224"]
[PlyCount "154"]
[EventDate "2012.11.08"]
[EventType "swiss"]
[EventRounds "11"]
[EventCountry "SLO"]
[SourceTitle "EXT 2013"]
[Source "ChessBase"]
[SourceDate "2012.11.22"]
[SourceVersion "1"]
[SourceVersionDate "2012.11.22"]
[SourceQuality "1"]

1. d4 d5 2. c4 e6 3. Nc3 Be7 4. Nf3 Nf6 5. Bg5 h6 6. Bh4 O-O 7. e3 Ne4 8. Bxe7
Qxe7 9. Rc1 c6 10. Bd3 Nxc3 11. Rxc3 dxc4 12. Bxc4 Nd7 13. O-O b6 14. Bd3 c5
15. Qc2 Bb7 16. Be4 cxd4 17. Nxd4 Bxe4 18. Qxe4 Nc5 19. Qc2 a5 20. Rc1 Rac8 21.
b3 g6 22. h3 e5 23. Nb5 Rcd8 24. Na3 e4 25. Nb5 Nd3 26. Rf1 Nb4 27. Qe2 Qd7 28.
Nd4 Rc8 29. Rfc1 Nd3 30. R1c2 Rc5 31. Qg4 Qxg4 32. hxg4 Rfc8 33. Rxc5 bxc5 34.
Ne2 Nb4 35. Rc4 Nxa2 36. Ra4 Nb4 37. Rxa5 Nd3 38. Ng3 Rb8 39. Nxe4 Rxb3 40. f4
Kf8 41. Ra8+ Ke7 42. f5 Rb7 43. Ra6 c4 44. Kh2 Ne5 45. Kg3 Rc7 46. Nc3 Rc6 47.
Ra5 Nd7 48. Kf4 g5+ 49. Ke4 f6 50. Kd4 Rd6+ 51. Nd5+ Kf7 52. e4 Ne5 53. Ra7+
Rd7 54. Ra6 Nxg4 55. Kxc4 h5 56. Kc5 h4 57. Ra8 Kg7 58. Rc8 Ne5 59. Nc7 Rd2 60.
Ne6+ Kh7 61. Rc7+ Kh6 62. Re7 Rxg2 63. Nf8 Kh5 64. Nh7 Ng4 65. Kd5 Ra2 66. Nf8
Ne3+ 67. Kd4 Ng2 68. Nd7 Ra6 69. Re6 Ra4+ 70. Kc3 h3 71. Nxf6+ Kh4 72. Re8 h2
73. Rh8+ Kg3 74. Rh5 Nh4 75. Rxg5+ Kf3 76. Nh5 h1=Q 77. Rg3+ Kf2 0-1

[Event "Wch U16"]
[Site "Maribor"]
[Date "2012.11.12"]
[Round "5.7"]
[White "Girish, A Koushnik"]
[Black "Reshef, Omer"]
[Result "1-0"]
[WhiteElo "2367"]
[BlackElo "2228"]
[PlyCount "95"]
[EventDate "2012.11.08"]
[EventType "swiss"]
[EventRounds "11"]
[EventCountry "SLO"]
[SourceTitle "EXT 2013"]
[Source "ChessBase"]
[SourceDate "2012.11.22"]
[SourceVersion "1"]
[SourceVersionDate "2012.11.22"]
[SourceQuality "1"]

1. d4 d5 2. c4 c6 3. Nc3 Nf6 4. e3 g6 5. Nf3 Bg7 6. Bd3 O-O 7. O-O Bg4 8. h3
Bxf3 9. Qxf3 Qd6 10. Rd1 Nbd7 11. Qe2 dxc4 12. Bxc4 e5 13. d5 Nb6 14. dxc6 Qxc6
15. Bb3 Rfd8 16. Bd2 Rac8 17. Nb5 Ra8 18. Ba5 a6 19. Na3 Rxd1+ 20. Rxd1 Rc8 21.
Qd3 Bf8 22. Bxb6 Qxb6 23. Nb1 Bb4 24. Nd2 Bxd2 25. Qxd2 Kg7 26. Qe2 Rd8 27.
Rxd8 Qxd8 28. Qc4 Qe7 29. a4 Ne8 30. a5 Qc7 31. Qxc7 Nxc7 32. Kf1 f5 33. Ke2
Kf6 34. Kd3 Ke7 35. Bg8 h6 36. Kc4 Kd6 37. Bh7 f4 38. exf4 exf4 39. Bxg6 Ne6
40. Be4 Nd8 41. Bd5 h5 42. g3 fxg3 43. fxg3 Nc6 44. Bxc6 Kxc6 45. g4 hxg4 46.
hxg4 Kd6 47. g5 Ke5 48. Kc5 1-0

[Event "Wch U16"]
[Site "Maribor"]
[Date "2012.11.12"]
[Round "6.4"]
[White "Sunilduth Lyna, Narayanan"]
[Black "Girish, A Koushnik"]
[Result "1/2-1/2"]
[WhiteElo "2350"]
[BlackElo "2367"]
[PlyCount "102"]
[EventDate "2012.11.08"]
[EventType "swiss"]
[EventRounds "11"]
[EventCountry "SLO"]
[SourceTitle "EXT 2013"]
[Source "ChessBase"]
[SourceDate "2012.11.22"]
[SourceVersion "1"]
[SourceVersionDate "2012.11.22"]
[SourceQuality "1"]

1. d4 Nf6 2. c4 g6 3. Nc3 d5 4. Nf3 Bg7 5. Bg5 dxc4 6. e4 O-O 7. Bxc4 Bg4 8.
Be2 Nfd7 9. O-O Nc6 10. Be3 Nb6 11. e5 Qd7 12. h3 Bxf3 13. Bxf3 Rad8 14. Bxc6
Qxc6 15. Qb3 a6 16. Rac1 Rd7 17. Rc2 e6 18. a4 Rfd8 19. Rfc1 Nc4 20. Nb5 Na5
21. Qb4 axb5 22. Rxc6 Nxc6 23. Qxb5 Nxd4 24. Bxd4 c6 25. Qb6 Rxd4 26. Qxb7 Bxe5
27. Re1 R4d7 28. Qb3 Bd4 29. Rc1 c5 30. a5 Rd6 31. Qb7 R6d7 32. Qb6 Rd6 33. Qb7
R6d7 34. Qb5 Ra7 35. Rxc5 Bxc5 36. Qxc5 Rb7 37. b4 Rdb8 38. a6 Rxb4 39. a7 Rb1+
40. Kh2 Ra8 41. Qc7 Rf8 42. g4 Ra1 43. h4 Ra4 44. Qb8 h5 45. gxh5 Rxh4+ 46. Kg3
Rxh5 47. Qxf8+ Kxf8 48. a8=Q+ Kg7 49. f4 Rf5 50. Qa1+ Kg8 51. Qd4 Rd5 1/2-1/2

[Event "Wch U16"]
[Site "Maribor"]
[Date "2012.11.14"]
[Round "7.6"]
[White "Girish, A Koushnik"]
[Black "Akhmetov, Ayan"]
[Result "1-0"]
[WhiteElo "2367"]
[BlackElo "2356"]
[PlyCount "112"]
[EventDate "2012.11.08"]
[EventType "swiss"]
[EventRounds "11"]
[EventCountry "SLO"]
[SourceTitle "EXT 2013"]
[Source "ChessBase"]
[SourceDate "2012.11.22"]
[SourceVersion "1"]
[SourceVersionDate "2012.11.22"]
[SourceQuality "1"]

1. d4 Nf6 2. c4 c5 3. d5 e6 4. Nc3 exd5 5. cxd5 d6 6. Nf3 g6 7. Qa4+ Nbd7 8.
Bf4 a6 9. e4 Rb8 10. Qc2 b5 11. Be2 Qe7 12. Nd2 Ne5 13. O-O Bg7 14. Rae1 O-O
15. h3 Bd7 16. Bh2 b4 17. Nd1 Bb5 18. Ne3 Rfe8 19. f4 Ned7 20. Bxb5 Rxb5 21. e5
dxe5 22. fxe5 Nxe5 23. Nf5 gxf5 24. Rxe5 Qd7 25. Qxf5 Rxe5 26. Bxe5 Qxf5 27.
Rxf5 Nd7 28. Bxg7 Kxg7 29. Nc4 Rb8 30. Nd6 f6 31. Rf2 Ne5 32. Ne4 c4 33. d6 b3
34. axb3 cxb3 35. Nc5 a5 36. d7 Kf7 37. Rd2 Ke7 38. Nxb3 Nxd7 39. Nxa5 Ne5 40.
Rc2 Kd6 41. b3 Kd5 42. Rc7 Rb5 43. Nc4 Rxb3 44. Nxe5 Kxe5 45. Rxh7 Kf4 46. Rg7
Rg3 47. Rf7 f5 48. Kh2 Rg8 49. g4 Rg5 50. Rf8 Ke5 51. Kg3 fxg4 52. hxg4 Ke6 53.
Kh4 Rg7 54. Kh5 Rf7 55. Rxf7 Kxf7 56. Kh6 Kg8 1-0

[Event "Wch U16"]
[Site "Maribor"]
[Date "2012.11.17"]
[Round "10.6"]
[White "Girish, A Koushnik"]
[Black "Grib, Roman"]
[Result "1-0"]
[WhiteElo "2367"]
[BlackElo "2332"]
[PlyCount "151"]
[EventDate "2012.11.08"]
[EventType "swiss"]
[EventRounds "11"]
[EventCountry "SLO"]
[SourceTitle "EXT 2013"]
[Source "ChessBase"]
[SourceDate "2012.11.22"]
[SourceVersion "1"]
[SourceVersionDate "2012.11.22"]
[SourceQuality "1"]

1. d4 e6 2. c4 Nf6 3. Nf3 d5 4. Nc3 Be7 5. Bg5 O-O 6. e3 h6 7. Bh4 Nbd7 8. Rc1
dxc4 9. Bxc4 a6 10. a4 Ne8 11. Bg3 Ndf6 12. O-O Nh5 13. Be5 f6 14. Bg3 Nxg3 15.
hxg3 Nd6 16. Ba2 c6 17. Qd3 Qa5 18. Bb1 f5 19. Ne5 Bf6 20. Nc4 Qd8 21. b4 b6
22. Ba2 Rb8 23. Ne2 Kh7 24. Ne5 Bxe5 25. dxe5 Nf7 26. Qc3 Qe8 27. f4 c5 28.
bxc5 bxc5 29. Qxc5 Rb2 30. Rc2 Rxc2 31. Qxc2 h5 32. Nd4 Nh6 33. Qc5 Rh8 34. Nf3
Ng4 35. Ng5+ Kh6 36. Qb6 h4 37. gxh4 Kh5 38. Bxe6 Bxe6 39. Qxe6 Qxe6 40. Nxe6
Rc8 41. Nxg7+ Kg6 42. Ne6 Rc4 43. Ng5 Nxe3 44. Re1 Nd5 45. e6 Ne7 46. g3 Rxa4
47. Rd1 Rc4 48. Rd7 Kf6 49. Ra7 Rc1+ 50. Kg2 Rc2+ 51. Kh3 Ra2 52. Ra8 Ra1 53.
h5 Nd5 54. Rf8+ Ke7 55. Rf7+ Ke8 56. Kg2 Ra2+ 57. Kf3 Ra3+ 58. Kf2 Ne3 59. Ke2
Ng4 60. Rxf5 Re3+ 61. Kd2 Rxg3 62. Ne4 Rg2+ 63. Kd3 Ke7 64. Rg5 Kxe6 65. h6 Rh2
66. f5+ Kf7 67. Rg7+ Kf8 68. Rxg4 Rxh6 69. Kd4 a5 70. Ke5 Rh1 71. Rg6 a4 72.
Ra6 Ra1 73. Ra8+ Kg7 74. Ke6 a3 75. f6+ Kg6 76. f7 1-0